000 01075cam a2200337 i 4500
003 EG-GICUC
005 20260505071625.0
008 100429s2010 enk frb 001 0 eng d
020 _a9780199228225
_qhbk.
020 _a0199228221
_qhbk.
040 _aUKM
_cUKM
_dBWK
_dC#P
_dDLC
_dEG-GICUC
_beng
_erda
050 0 0 _aK3850
_b.G47 2010
082 0 4 _a338.82
_221
092 0 4 _221
099 _aLaw 13 2010
100 1 _aGerber, David J.
245 1 0 _aGlobal competition :
_blaw, markets, and globalization /
_cDavid J. Gerber.
264 _aOxford ;
_aNew York :
_bOxford University Press,
_c2010.
300 _axx, 394 pages ;
_c24 cm.
336 _atext
_2rdacontent
337 _aComputer
_2rdamedia
338 _aOnline Resource
_2rdacarrier
504 _aIncludes bibliographical references and index.
650 0 _aRestraint of trade.
650 0 _aAntitrust law.
650 0 _aAntitrust law (International law)
650 0 _aExterritoriality.
856 4 0 _uhttps://fll.law.cu.edu.eg/fulltext/bks/ENGB13-00112.pdf
905 _a10
942 _2ddc
_cBK
_e21
_n0
999 _c75585
_d75585